Guatemala: Una visión panorámica sobre la organización política de los Mayas /
محفوظ في:
| المؤلف الرئيسي: | |
|---|---|
| مؤلفون آخرون: | |
| التنسيق: | نص |
| الموضوعات: | |
| الوسوم: |
إضافة وسم
لا توجد وسوم, كن أول من يضع وسما على هذه التسجيلة!
|
MARC
| LEADER | 00000 a a2200000 04500 | ||
|---|---|---|---|
| 001 | 249 | ||
| 003 | |||
| 040 | |||
| 100 | |a Bastos, Santiago | ||
| 245 | |a Guatemala: |b Una visión panorámica sobre la organización política de los Mayas / |c Santiago Bastos | ||
| 650 | |a POBLACION INDIGENA | ||
| 650 | |a PARTICIPACION SOCIAL | ||
| 650 | |a ORGANIZACIONES POPULARES | ||
| 650 | |a DEMOCRACIA | ||
| 650 | |a POLITICA | ||
| 650 | |a GUATEMALA | ||
| 700 | |a Camus, Manuela | ||
| 773 | |g número 17; páginas 59-82 | ||
| 999 | |c 22527 |d 22527 | ||
| 773 | 0 | |0 41952 |9 3381 |d Madrid: Solidaridad para el desarrollo y la paz, SODEPAZ-SODEPAU; Asociación Andaluza por la solidaridad y la paz 1990- |o 03626 |t Africa América Latina: |x 11302569 | |
